|
|
|
|
| LEADER |
00654nab a2200181 i 4500 |
| 001 |
misc25475 |
| 005 |
20191111110800.0 |
| 008 |
170721s1819 hu o 0|| zxx d |
| 040 |
|
|
|a SZTE Miscellanea Repozitórium
|b hun
|
| 041 |
|
|
|a zxx
|
| 100 |
2 |
|
|a Vergilius Maro Publius
|
| 245 |
1 |
0 |
|a Virgils Aeneis
|h [elektronikus dokumentum] :
|b [Theil 1., Erster bis sechster Gesang ; Theil 2., Siebenter bis zwölfter Gesang] /
|c Vergilius Maro Publius
|
| 260 |
|
|
|c 1819
|
| 300 |
|
|
|a 1-244
|
| 490 |
0 |
|
|a Kolligátum
|
| 695 |
|
|
|a Latin irodalom - eposz
|
| 700 |
0 |
1 |
|a Voss Johann Heinrich
|
| 856 |
4 |
0 |
|u http://misc.bibl.u-szeged.hu/25475/1/017_001_001-244.pdf
|z Dokumentum-elérés
|